| 000 | 00493nam a2200193Ia 4500 | ||
|---|---|---|---|
| 008 | 180523s9999 xx 000 0 und d | ||
| 020 | _a978-0-273-66271-6 | ||
| 050 | _aMAIN HF 5386 | ||
| 050 | _b.T46 2003 | ||
| 100 | _aTemplar, Richard. | ||
| 245 | 4 | _aThe Rules of work : | |
| 245 | 2 | _ba definitive code for personal success / | |
| 245 | 0 | _cRichaard Templar. | |
| 260 | _aLondon : | ||
| 260 | _bPearson Education, | ||
| 260 | _c2003 | ||
| 300 | _a219 pages : | ||
| 300 | _c22 cm. | ||
| 999 |
_c357017 _d357017 |
||